| 000 | 01123pam a2200373 a 4500 | ||
|---|---|---|---|
| 001 | 3015432 | ||
| 003 | OSt | ||
| 005 | 20140310182735.0 | ||
| 008 | 940708s1988 ctua b 001 0 eng c | ||
| 010 | _a 94029377 | ||
| 020 | _a0838513743 | ||
| 040 |
_aDNLM/DLC _cDLC _dDLC |
||
| 050 | 0 | 0 |
_aRT 84.5 _b.B36 2000 |
| 100 | 1 | _aBandman, Elsie L. | |
| 245 | 1 | 0 |
_aCritical thinking in nursing / _cElsie L. Bandman, Bertram Bandman. |
| 250 | _a2nd ed. | ||
| 260 |
_aNorwalk, Conn. : _bAppleton & Lange, _c2000. |
||
| 300 |
_axi, 306 p. : _bill. ; _c23 cm. |
||
| 504 | _aIncludes bibliographical references and index. | ||
| 521 | _aNUR | ||
| 650 | 0 | 0 |
_aNursing _xPhilosophy. |
| 650 | 0 | 0 | _aCritical thinking. |
| 650 | 0 | 0 | _aReasoning. |
| 650 | 2 | _aPhilosophy, Nursing. | |
| 650 | 2 | _aThinking. | |
| 650 | 2 | _aNursing Process. | |
| 700 | 1 | _aBandman, Bertram. | |
| 906 |
_a7 _bcbc _corignew _d1 _eocip _f19 _gy-gencatlg |
||
| 942 |
_2lcc _cBK _kFOR |
||
| 999 |
_c15498 _d15498 |
||